Μαθήματα ανώτερων μαθηματικών
Αποθηκεύτηκε σε:
| Κύριος συγγραφέας: | |
|---|---|
| Μορφή: | Βιβλίο |
| Γλώσσα: | Greek |
| Δημοσίευση: |
Αθήναι :
[χ.ό],
1981-1982
|
| Έκδοση: | 5η έκδ., βελτ. και επαυξ. |
| Θέματα: | |
| Ετικέτες: |
Προσθήκη ετικέτας
Δεν υπάρχουν, Καταχωρήστε ετικέτα πρώτοι!
|
MARC
| LEADER | 00000cam a2200000 i 4500 | ||
|---|---|---|---|
| 001 | 1/3153 | ||
| 008 | 100114m19821981 gre d | ||
| 035 | |l 10106275 | ||
| 040 | |a GR-MY-UA |b gre |e aacr | ||
| 041 | 0 | |a gre | |
| 082 | 0 | |a 510.7 |2 (22) | |
| 100 | 0 | |a Χαϊνης, Ιωάννης Θ. | |
| 245 | 1 | 0 | |a Μαθήματα ανώτερων μαθηματικών / |c Ιωάννου Θ. Χαϊνη |
| 250 | |a 5η έκδ., βελτ. και επαυξ. | ||
| 260 | |a Αθήναι : |b [χ.ό], |c 1981-1982 | ||
| 300 | |a 2 τ.; |b σχ.; |c 23 εκ. | ||
| 500 | |a Διά τούς σπουδαστάς τού Ε. Μ. Πολυτεχνείου, τούς φοιτητάς Πολυτεχνικών και Φυσικομαθηματικών Σχολών. Καθηγητάς Μαθηματικών και τούς μετέχοντας είς τάς Γενικάς εξετάσεις | ||
| 500 | |a Ο 3ος τόμος είναι 3η εκδ., βελτ., επαυξ. | ||
| 505 | 0 | |a Τ. 1. Σύνολα-Απεικονίσεις-Άλγεβρ. δομαί-Διανυσμ. Χώροι- Γραμμική Άλγεβρα-Διαφορικός και Ολοκληπωτικός Λογισμός συναρτήσεων μιάς μεταβλητής-Εφαρμογαί είς την Φυσικήν-Ακολουθίαι και Σειραί συναρτήσεων-Χαρακτηριστικά μεγέθη-Συνδυαστική Ανάλυσις-Εξισώσεις 3ου και 4ου βαθμού.τ. 3. Μιγαδικαί συναρτήσεις-Σύμμορφος απεικόνισις-Εφαρμογαί. Διαφ. Εξισώσεις μετά μερικών παραγώγων (Laplace, θερμότητος, κύματος).Θεωρία Δυναμικού-Αρμονικαί συναρτήσεις-Προβλήματα Dirichlet-Συναρτήσεις Green. Μετασχηματισμοί Fourier, Laplace kai εφαρμογαί αυτών είς την επίλυσιν προβλημάτων συνοριακών τιμών-Ασκήσεις | |
| 650 | 0 | 0 | |a Mathematics |x Study and teaching (Higher) |z Greece. |
| 852 | |a INST |b SAMOS |c MAG |e 20100114 |h 510.7 ΧΑΙ |p 005300028512 |q 005300028512 |t BK |v τ.3: |y 0 |z τ.3 | ||
| 852 | |a INST |b SAMOS |c MAG |e 20100114 |h 510.7 ΧΑΙ |p 005300028513 |q 005300028513 |t BK |v τ.1: |y 0 |z τ.1 | ||
| 853 | |a INST |b SAMOS |c MAG |h 510.7 ΧΑΙ | ||
| 901 | |a BIBL3-2010-1 | ||
| 909 | |a Σ |b 158130 | ||
| 909 | |a Σ |b 158131 | ||
| 970 | |a ΣΙΤΖΙΜΗ |b ΓΙΑΣΕΜΗ |z 2010/01/14 | ||